|
|
|
|
| LEADER |
00000nam0a2200000 4500 |
| 001 |
297053 |
| 005 |
20231102000953.0 |
| 035 |
|
|
|a (RuTPU)RU\TPU\book\322173
|
| 090 |
|
|
|a 297053
|
| 100 |
|
|
|a 20150605d1984 km y0rusy50 ca
|
| 101 |
0 |
|
|a rus
|
| 102 |
|
|
|a RU
|
| 105 |
|
|
|a y z 000zy
|
| 200 |
1 |
|
|a Под невидимым прицелом
|f Л. Ф. Стржижовский
|
| 210 |
|
|
|a Москва
|c Политиздат
|d 1984
|
| 215 |
|
|
|a 207 с.
|
| 225 |
1 |
|
|a Империализм. События. Факты. Документы
|
| 606 |
1 |
|
|a Газеты
|x Капиталистические страны
|2 stltpush
|3 (RuTPU)RU\TPU\subj\4541
|9 32799
|
| 610 |
1 |
|
|a периодическая печать
|
| 610 |
1 |
|
|a концерны
|
| 610 |
1 |
|
|a ФРГ
|
| 610 |
1 |
|
|a буржуазная пропаганда
|
| 610 |
1 |
|
|a идеологическая борьба
|
| 610 |
1 |
|
|a методы
|
| 610 |
1 |
|
|a приемы
|
| 610 |
1 |
|
|a общественное мнение
|
| 610 |
1 |
|
|a 20 век
|
| 686 |
|
|
|a Ч612.4/.8
|v LBC/SL-A
|2 rubbk
|
| 700 |
|
1 |
|a Стржижовский
|b Л. Ф.
|g Лев Федорович
|
| 801 |
|
1 |
|a RU
|b 63413507
|c 20150605
|
| 801 |
|
2 |
|a RU
|b 63413507
|c 20180514
|g RCR
|
| 942 |
|
|
|c BK
|